Paroles - Marche à l'ombre - Renaud - Statistiques

Statistiques générales
  • Ce quiz a été pris 780 fois
  • Le résultat moyen est 296 sur 436
Statistiques - réponses
Paroles % Correct
à
98%
A
98%
a
98%
marche
94%
Et
93%
et
93%
l'ombre !
93%
l'ombre
93%
le
92%
Le
92%
ça
91%
Tu
91%
tu
91%
pu
90%
toi
90%
Casse-
89%
m'casse
89%
la
88%
L'a
88%
88%
là-
88%
mon
87%
pues,
87%
pues
87%
un
87%
Un
87%
les
85%
dans
84%
Dans
84%
dit
84%
dit,
84%
pas
83%
qui
83%
Qui
83%
que
82%
une
81%
Une
81%
ai
80%
me
80%
qu'à
80%
t'es
80%
au
79%
est
79%
Est
79%
comme
78%
Comme
78%
bande
77%
ce
77%
d'ma
77%
J'ai
77%
j'ai
77%
monde
77%
rien
77%
glandes
76%
du
75%
foutre
75%
Quand
75%
t'as
75%
Arrache-
73%
il
73%
m'fous
73%
d'là
72%
j'lui
72%
J'lui
72%
flipp'
71%
Ni
71%
peau
71%
Quelle
71%
qu'elle
71%
Se
71%
va
71%
voir
71%
Bob
70%
en
70%
n'avait
70%
Ou
70%
Qu'il
70%
qu'il
70%
Vise
70%
bus
69%
Y
69%
y
69%
Haré
68%
bu
67%
par
67%
Pis
67%
qu'était
66%
son
66%
avait
65%
c'est
65%
dégaine
65%
mec
65%
mec-
65%
peu
65%
plus
65%
Si
65%
c'est
64%
C'est
64%
devant
64%
nous
64%
s'ramène
64%
chez
63%
l'baba
63%
mort
63%
nibards
63%
poche
63%
Pour
63%
Sur
63%
sur
63%
cool
62%
fait
62%
garé
62%
rad'
62%
rigolade !
62%
Avant
61%
faire
61%
mais
61%
tête ?
61%
tête
61%
tous
61%
Népal
60%
SNCF
60%
sorti
60%
vas
60%
ait
59%
culasse
59%
d'son
59%
mariole
59%
m'regarde
59%
sandwich
59%
ses
59%
Viens
59%
elle
58%
loque
58%
balles
57%
carré
57%
cent
57%
coups
57%
l'comptoir
57%
routard
57%
Avec
56%
chopé
56%
d'as
56%
gueule
56%
guide
56%
J'peux
56%
j'peux
56%
j'suis
56%
mot
56%
On
56%
tard
56%
vient
56%
Volkswagen
56%
dire
55%
épais
55%
p'tit
55%
Qu'est-
55%
qu'est-
55%
SPA
55%
suis
55%
débarqué
54%
Katmandou
54%
Non
54%
pouffiasse
54%
s'barrer
54%
vrai
54%
air
53%
blouson
53%
J'l'ai
53%
j'me
53%
Maquillée
53%
saloon
53%
comptoir ?
52%
haut
52%
j'crève
52%
noir
52%
Puis
52%
Travolta
52%
tronche
52%
D'un
51%
léopard
51%
p'tite
51%
taper
51%
Collants
50%
genre
50%
l'apéro
50%
l'mec
50%
balaise
49%
cradoque
49%
Grecs
49%
homologués
49%
Oreilles
49%
qu'avait
49%
Qu'avait
49%
tomber
49%
Arrête
48%
arrête
48%
blondasses
48%
bourgeoise
48%
Ch'veux
48%
J'veux
48%
percées
48%
thune
48%
cognac
47%
crève
47%
paye
47%
saquer
47%
starlettes
47%
bêcheuse
46%
bistrots
46%
clown
46%
dirai,
46%
oublié
46%
Patchouli,
46%
s'est
46%
s'trouve
46%
yeux
46%
d'main
45%
Faut
45%
s'croit
45%
tilt
45%
vicelard
45%
Derrière
44%
d'être
44%
d'histoires
44%
j'le
44%
J'vois
44%
massacré
44%
m'énerve
44%
moche
44%
peur
44%
qu'ce
44%
réfléchi
44%
r'tourner
44%
Futal
43%
Nouvel
43%
Palace
43%
sinon
43%
d'trottoir
42%
m'emmène
42%
Rayban
42%
v'nu
42%
contre
41%
gouré
41%
jouer
41%
l'flipper
41%
Obs'
41%
gastos
40%
intellectuel
40%
Monoï
40%
punk
40%
Reluque
40%
user
40%
Brando
39%
Marlon
39%
pauvres
39%
chopée
38%
colback
38%
l'juke-box
37%
viandox
37%
henné
36%
frimer
33%
Krishna
33%
skaï
33%
barjo
31%
l'paletot
30%
Rocky
30%
Pataugas
29%
Shalimar
28%
Loden
15%
Aucun quiz correspondant
Distribution des résultats
% des personnes avec chaque résultat
Percentile par nombre de réponses
Votre historique - résultats
Vous n’avez pas pris ce quiz